000 01624cam a22004457a 4500
001 000095009
003 CHAP
005 20220329143052.0
008 051130d2005 mx a b r 00110 spa d
010 _a91475
011 _a92447
035 _a103011
040 _cCHAP
090 _aTesis
100 0 0 _aVargas Mendoza, Alberto.
_9118058
245 1 0 _aDinámica poblacional de las principales plagas de nopal Opuntia spp. en la zona semiárida de Querétaro /
_c/por Alberto Vargas Mendoza.
260 _aBermejillo, Dgo. :
_bEl autor,
_c2005.
300 _a59 h. :
_bilus.; gráfs.; cuadros, mapas.
502 _aTesis (Ing. Agr. Esp. en Zootecnia) - - UACH. Unidad Regional Universitaria de Zonas Areidas
590 _aALEPH
_b10
_c20130110
_lUCH01
_h1508
590 _aBATCH-UPD
_b10
_c20130110
_lUCH01
_h0727
590 _aBATCH-UPD
_b10
_c20130410
_lUCH01
_h0411
590 _aBATCH-UPD
_b10
_c20130914
_lUCH01
_h1841
590 _aBATCH-UPD
_b10
_c20140324
_lUCH01
_h1453
590 _aBATCH-UPD
_b10
_c20141002
_lUCH01
_h0828
590 _aCONVERSION
_b10
_c20130109
_lUCH01
_h1351
590 _aE792CSJ
_b10
_c20130703
_lUCH01
_h1213
650 1 4 _aNopal
_xEnfermedades.
_981667
650 1 4 _aNopal
_xPlagas.
_981689
650 1 4 _aNopal
_xQuerétaro.
_981694
650 1 4 _aOpuntia.
_983387
650 1 4 _aRegiones áridas.
_995669
856 _3Finding aid
_uhttp://10.13.5.2/tesis/103011.pdf
_zTeclea aquí
901 _aBK
905 _aElisama A. H.
942 _cCD
942 _n0
949 _aTesis
_bBC
_cTES
_d103011
_eTS1
_h44315
_i103011
_sb
949 _aTesis
_bBC
_cTES
_d33724000966834
_eTS2
_fc.2
_h44316
_i103011
_si
999 _c91475
_d91475